LEADER 02923nam 2200649Ia 450 001 9910144143503321 005 20220127094021.0 010 $a1-280-97410-9 010 $a9786610974108 010 $a0-470-51777-8 010 $a0-470-51776-X 035 $a(CKB)1000000000375872 035 $a(EBL)315075 035 $a(OCoLC)476106152 035 $a(SSID)ssj0000231056 035 $a(PQKBManifestationID)11220465 035 $a(PQKBTitleCode)TC0000231056 035 $a(PQKBWorkID)10197755 035 $a(PQKB)10379578 035 $a(MiAaPQ)EBC315075 035 $a(EXLCZ)991000000000375872 100 $a20070315d2007 uy 0 101 0 $aeng 135 $aur|n|---||||| 181 $ctxt 182 $cc 183 $acr 200 10$aQuality assurance in analytical chemistry$b[electronic resource] /$fElizabeth Prichard and Vicki Barwick 210 $aChichester ;$aHoboken, NJ $cJohn Wiley & Sons ;$a[Teddington, Middlesex] $cVAM/LGC$dc2007 215 $a1 online resource (317 p.) 225 1 $aAnalytical techniques in the sciences 300 $aDescription based upon print version of record. 311 $a0-470-01204-8 311 $a0-470-01203-X 320 $aIncludes bibliographical references (p. [275]-276) and index. 327 $aQUALITY ASSURANCE IN ANALYTICAL CHEMISTRY; Contents; Series Preface; Preface; Acknowledgements; Acronyms, Abbreviations and Symbols; About the Authors; 1 The Need for Reliable Results; 2 General Principles of Quality Assurance and Quality Control; 3 Sampling; 4 Preparing for Analysis; 5 Making Measurements; 6 Data Treatment; 7 Benchmarking Your Laboratory; 8 Documentation and its Management; 9 Managing Quality; Appendix: Two-Tailed Critical Values for Student t-Tests; Responses to Self-Assessment Questions; Bibliography; Glossary of Terms; SI Units and Physical Constants; Periodic Table 327 $aIndex 330 $aThe issue of quality assurance in the analytical chemistry laboratory has become of great importance in recent years. Quality Assurance in Analytical Chemistry introduces the reader to the whole concept of quality assurance. It discusses how a 410 0$aAnalytical techniques in the sciences. 606 $aChemical laboratories$xQuality control 606 $aChemistry, Analytic$xQuality control 606 $aChemistry, Analytic$xTechnique 608 $aElectronic books. 615 0$aChemical laboratories$xQuality control. 615 0$aChemistry, Analytic$xQuality control. 615 0$aChemistry, Analytic$xTechnique. 676 $a543.0685 676 $a543.19 700 $aPrichard$b F. Elizabeth$g(Florence Elizabeth)$021936 701 $aBarwick$b Vicki$0732848 801 0$bMiAaPQ 801 1$bMiAaPQ 801 2$bMiAaPQ 906 $aBOOK 912 $a9910144143503321 996 $aQuality assurance in analytical chemistry$91443895 997 $aUNINA LEADER 01870nas 2200601-a 450 001 9910726498003321 005 20230215213018.0 011 $a1465-3907 035 $a(DE-599)ZDB1481790-1 035 $a(OCoLC)48909108 035 $a(CKB)954925265217 035 $a(CONSER)--2002238099 035 $a(EXLCZ)99954925265217 100 $a20020131b19552012 --- - 101 0 $aeng 135 $aurmnu|||||||| 181 $ctxt$2rdacontent 182 $cc$2rdamedia 183 $acr$2rdacarrier 200 00$aJournal of the Society of Archivists 210 $a[Abingdon, Oxfordshire] $cCarfax Pub., part of the Taylor & Francis Group 215 $a1 online resource 300 $aRefereed/Peer-reviewed 311 $a0037-9816 517 1 $aJSA 531 $aSOCIETY OF ARCHIVISTS JOURNAL 531 $aJ SOC ARCH 531 $aJOURNAL OF THE SOCIETY OF ARCHIVISTS. SOCIETY OF ARCHIVISTS 531 $aSOCIETY OF ARCHIVISTS 606 $aArchives$vPeriodicals 606 $aArchival Science$2ebps 606 $aArchives$2fast$3(OCoLC)fst00814030 606 $aArchieven$2gtt 606 $aArchives$2rasuqam 606 $aArchivistique$2rasuqam 608 $aPeriodicals.$2fast 608 $aPeriodicals.$2lcgft 608 $aRessource Internet (Descripteur de forme)$2rasuqam 608 $aPériodique électronique (Descripteur de forme)$2rasuqam 610 $aHistory - General 615 0$aArchives 615 7$aArchival Science. 615 7$aArchives. 615 17$aArchieven. 615 7$aArchives. 615 7$aArchivistique. 676 $a016.942 712 02$aSociety of Archivists (Great Britain), 712 02$aArchives & Records Association (United Kingdom & Ireland), 906 $aJOURNAL 912 $a9910726498003321 996 $aJournal of the Society of Archivists$92573858 997 $aUNINA